01966nam a2200337 a 450000100060000000300080000600500170001400800410003103500190007204000320009104100080012308200220013110000260015324500860017926000490026530000320031450000280034650400530037465000320042770000260045994200120048599900170049795201410051495201390065595201390079495201390093395201390107295201390121195201390135095201390148916214BD-RjUL20211208235958.0140211s1963 nyua b 001 0 eng d a(BD-RjUL)16269 aLCbengcLCdABN:1dBD-RjUL aeng04a658.152bMEF 19631 aMerrett, A. J.95015814aThe finance and analysis of capital projects /cby A. J. Merrett and Allen Sykes. aNew York :bWiley,cc1963, [impression 1966] axx, 544 p. :bill.;c22 cm. a"A Halsted Press book." aIncludes bibliographical references and indexes. 0aCapital investments.9501591 aSykes, Allen,9231741 2ddccBK c16214d16214 00102ddc40718NFICaRUCLbRUCLcReadingd1965-10-30eZeitlingerg45.00l0o658.152 MEF 1963r2014-02-11 00:00:00tC-1w2014-02-11yBK 00102ddc40708NFICaRUCLbRUCLcStackd1965-10-30eZeitlingerg45.00l0o658.152 MEF 1963r2016-10-29 00:00:00tC-2w2016-10-29yBK 00102ddc40708NFICaRUCLbRUCLcStackd1968-12-03eZeitlingerg50.00l0o658.152 MEF 1966r2019-05-16 00:00:00tC-3w2019-05-16yBK 00102ddc40708NFICaRUCLbRUCLcStackd1968-12-03eZeitlingerg50.00l0o658.152 MEF 1966r2019-05-16 00:00:00tC-4w2019-05-16yBK 00102ddc40708NFICaRUCLbRUCLcStackd1968-05-25eZeitlingerg50.00l0o658.152 MEF 1966r2019-05-16 00:00:00tC-5w2019-05-16yBK 00102ddc40708NFICaRUCLbRUCLcStackd1965-10-30eZeitlingerg45.00l0o658.152 MEF 1963r2019-05-16 00:00:00tC-6w2021-12-08yBK 00102ddc40708NFICaRUCLbRUCLcStackd1968-05-05eZeitlingerg50.00l0o658.152 MEF 1966r2019-05-16 00:00:00tC-7w2019-05-16yBK 00102ddc40708NFICaRUCLbRUCLcStackd1968-05-05eZeitlingerg50.00l0o658.152 MEF 1966r2019-05-16 00:00:00tC-8w2019-05-16yBK